Grandma's Bag of Stories (Record no. 38136)
[ view plain ]
| 000 -LEADER | |
|---|---|
| fixed length control field | 01393nam a22001697a 4500 |
| 082 ## - DEWEY DECIMAL CLASSIFICATION NUMBER | |
| Classification number | 823 SUD |
| 100 ## - MAIN ENTRY--AUTHOR NAME | |
| Personal name | Sudha Murty |
| 245 ## - TITLE STATEMENT | |
| Title | Grandma's Bag of Stories |
| 250 ## - EDITION STATEMENT | |
| Edition statement | 1 |
| 260 ## - PUBLICATION, DISTRIBUTION, ETC. (IMPRINT) | |
| Name of publisher | Penguin |
| Place of publication | Haryana |
| Year of publication | 2015 |
| 300 ## - PHYSICAL DESCRIPTION | |
| Number of Pages | Paperback โ : โ 176 pages |
| Other physical details | Item Weight โ : โ 1 kg 50 g Dimensions โ : โ 12.7 x 1.52 x 20.32 cm |
| 520 ## - SUMMARY, ETC. | |
| Summary, etc | Memories of a grandparent spinning tales around animals and mysterious characters have kept many of us rapt till date. Sudha Murty's Grandmaยs Bag of Stories is simply delightful. The story starts with Anand, Krishna, Raghu and Meena arriving at their grandparentsย house in Shiggaon. Overjoyed Ajji and Ajja(Grandmother and grandfather in Kannada) get the house ready, while Ajji prepares delicious snacks for children. Finally, times comes when everyone gathers around Ajji, as she opens her big bag of stories. She tells stories of kings and cheats, princesses and onions, monkeys and mice and scorpions and hidden treasures.<br/><br/>through unlikely in combination, stories makes perfect sense when Grandma is the one narrating them. This book is ideal for young children and those who are 5+ in age. Stories are accompanied by colourful illustrations and morals. Lucid and simple language of the book, makes reading a pleasure. |
| 546 ## - LANGUAGE NOTE | |
| Language note | Language โ : โ English |
| 650 ## - SUBJECT ADDED ENTRY--TOPICAL TERM | |
| Topical Term | GEN |
| 942 ## - ADDED ENTRY ELEMENTS (KOHA) | |
| Koha item type | Text Book |
| 952 ## - LOCATION AND ITEM INFORMATION (KOHA) | |
| Damaged status | |
| Not for loan | |
| Withdrawn status | Collection code | Permanent Location | Current Location | Date acquired | Source of acquisition | Cost, normal purchase price | Inventory number | Full call number | Accession Number | Price effective from | Koha item type |
|---|---|---|---|---|---|---|---|---|---|---|---|
| GENERAL | VAST Central Library | VAST Central Library | 28/11/2025 | Minerva Books | 275.00 | 90 | 823 SUD | 38282 | 22/12/2025 | Text Book |